Capitals of South America - Statistics

General Stats
  • This quiz has been taken 19 times
  • The average score is 11 of 14
Answer Stats
Hint Answer % Correct
Brazil Brasília
100%
Argentina Buenos Aires
100%
Peru Lima
100%
Chile Santiago
100%
Colombia Bogotá
94%
Ecuador Quito
94%
Venezuela Caracas
88%
Bolivia (first) La Paz
88%
Uruguay Montevideo
88%
Paraguay Asunción
82%
Guyana Georgetown
76%
Suriname Paramaribo
76%
Bolivia (second) Sucre
53%
French Guiana Cayenne
6%
No matching quizzes found
Score Distribution
Percent of People with Each Score
Percentile by Number Answered
Your Score History
You have not taken this quiz